000
00297nam a2200121 a 4500
005
20141022141959.0
008
120306s19uu xx 00 eng d
050
_a
CD-ROM
_b
M26 2007
100
_a
Maestri, George
245
_a
Maya at a glace /
_c
george Maestri.
260
_c
2007.
942
_c
AVM
999
_c
276131
_d
276131